000 00346pam a2200145 a 4500
020 _c
041 _h
082 _bSRI
100 _aSrinivasan Bobby ,
_eSandbom C L.
245 _aQuantitavive analysis for business decisions
_hTextual Documents
250 _a1989.
260 _aNew Delhi
_bMcGraw Hill
300 _a571 pg .
930 _a3519
999 _c80439
_d80439